00360nam a2200121Ia 4500082001200000100002200012245005900034260002700093300000800120650003700128650005100165710002200216 aRC.0071 aChauhan, Brij Raj 0aRural urban interrelations of muslims in Meerut region c1990bICSSR, New Delhi a184 aMUSLIMS - UTTAR PRADESH - MEERUT aRURAL URBAN MIGRATION - UTTAR PRADESH - MEERUT aMeerut University